Nanostructuring operations in nanoscale science and engineering / (رقم التسجيلة. 26760)

تفاصيل مارك
000 -الفاتح
حقل البيانات ثابتة الطول 01075cam a2200313 a 4500
001 - رقم الضبط
رقم الضبط 15819849
003 - محدد رقم الضبط
رقم الضبط OSt
005 - وقت وتاريخ اخر تعامل مع التسجيلة
رقم الضبط 20150408114109.0
008 - عناصر البيانات ثابتة الطول - معلومات عامة
حقل البيانات ثابتة الطول 090716s2010 nyua b 001 0 eng
010 ## - رقم ضبط مكتبة الكونجرس
رقم ضبط مكتبة الكونجرس 2009026378
020 ## - الرقم الدولى المعيارى للكتب
الرقم الدولى المعيارى للكتاب 9780071622950 (alk. paper)
020 ## - الرقم الدولى المعيارى للكتب
الرقم الدولى المعيارى للكتاب 71622950
020 ## - الرقم الدولى المعيارى للكتب
الرقم الدولى المعيارى للكتاب 97871622950
020 ## - الرقم الدولى المعيارى للكتب
الرقم الدولى المعيارى للكتاب 0071622950 (alk. paper)
035 ## - رقم ضبط النظام
رقم ضبط النظام (OCoLC)ocn318409243
040 ## - مصدر الفهرسة
وكالة الفهرسة الأصلية DLC
وكالة النسخ DLC
وكالة التعديل BTCTA
-- C#P
-- BWX
-- CDX
-- YDXCP
-- DLC
050 00 - رقم طلب مكتبة الكونجرس
رقم التصنيف T174.7
رقم المادة .S515 2010
050 #4 - رقم طلب مكتبة الكونجرس
رقم التصنيف TP248.25
082 00 - رقم تصنيف ديوى العشرى
رقم التصنيف 620.5
رقم الطبعة 22
رقم المادة SKN
100 1# - المدخل الرئيسى - إسم شخصى
الإسم الشخصى Sharma, Kal Renganathan.
9 (RLIN) 19368
245 10 - بيان العنوان
العنوان Nanostructuring operations in nanoscale science and engineering /
بيان المسئوليه,etc Kal Renganathan Sharma.
260 ## - PUBLICATION, DISTRIBUTION, ETC. (IMPRINT)
مكان الناشر او الموزع New York :
اسم الناشر او الموزع McGraw-Hill,
تاريخ النشر أو التوزيع c2010.
300 ## - الوصف المادى
التعداد xii, 292 p. :
تفاصيل ماديه اخرى للوعاء ill. ;
أبعاد الوعاء 24 cm.
504 ## - تبصرة ببليوجرافية
تبصرة ببليوجرافية,الخ Includes bibliographical references and index.
650 #0 - المدخل الاضافى بالموضوع-مصطلح موضوعى
مصطلح موضوعي أو اسم جغرافي كعنصر مدخل Nanotechnology.
906 ## - عنصر بيانات محلى F, LDF (RLIN)
a 7
b cbc
c orignew
d 1
e ecip
f 20
g y-gencatlg
942 ## - عناصر المدخل الإضافي( كوها)
مصدر التصنيف او مخطط الترفيف Dewey Decimal Classification
Koha [default] item type DVD
المقتنيات
حالة الفقد نموذج السعر الفعال حالة تلف ليس للاعارة رقم الطلب تاريخ الاكتساب الموقع الحالي الباركود الفرع الرئيسي Date last seen نوع المادة فى نظام كوها مصدر التصنيف او خطة الترفيف Total Checkouts
  2013-03-10     620.5 SKN 2012-12-31 المكتبة المركزية بالمجمعة (CL) 00401704 المكتبة المركزية بالمجمعة (CL) 2013-03-10 كتاب Dewey Decimal Classification  
  2013-03-10     620.5 SKN 2013-01-01 المكتبة المركزية بالمجمعة (CL) 00401647 المكتبة المركزية بالمجمعة (CL) 2013-03-10 كتاب Dewey Decimal Classification  
  2013-03-10     620.5 SKN 2013-01-01 المكتبة المركزية بالمجمعة (CL) 00401648 المكتبة المركزية بالمجمعة (CL) 2013-03-10 كتاب Dewey Decimal Classification